[Event "10. Torneo San Viator"]
[Site "Madrid ESP"]
[Date "2008.05.11"]
[Round "1.1"]
[White "Orfali, Marcelo-Rafael"]
[Black "Aburto Renovales, Rafael"]
[Result "1-0"]
[WhiteElo "2084"]
[BlackElo "1647"]
[PlyCount "107"]
[EventDate "2008.05.11"]
[EventType "swiss"]
[EventRounds "9"]
[EventCountry "ESP"]
[Source "lmi"]
[SourceDate "2008.05.11"]

1. e4 c5 2. a3 Nc6 3. b4 cxb4 4. axb4 b6 5. b5 Na5 6. Bb2 d5 7. exd5 Qxd5 8.
Nc3 Qd8 9. Nf3 e6 10. Ra4 Nf6 11. Ne5 Bb7 12. Be2 Bd6 13. Rd4 Qe7 14. Ng4 Nd7
15. Bf3 O-O 16. Nh6+ Kh8 17. O-O Ne5 18. Bxb7 Nxb7 19. Ng4 Ng6 20. Re1 Nc5 21.
Qa1 f5 22. Rxd6 fxg4 23. Rd4 h5 24. Ne4 e5 25. Nxc5 bxc5 26. Rde4 Qf6 27. Rf1
Rae8 28. f4 gxf3 29. Rxf3 Qd6 30. Rxf8+ Rxf8 31. Qd1 Rf5 32. d3 Qd5 33. Bc1 c4
34. Rxc4 Nf4 35. Bxf4 exf4 36. Qf3 g6 37. Rc8+ Kh7 38. Qxd5 Rxd5 39. Rc7+ Kh6
40. Rxa7 Rxb5 41. Kf2 h4 42. Kf3 Kg5 43. Ra4 Rb1 44. Ra5+ Kh6 45. Kxf4 Rb4+ 46.
c4 Rb2 47. Kf3 Rd2 48. Ra3 Kh5 49. Rc3 g5 50. g4+ Kg6 51. c5 Rxh2 52. c6 Rh3+
53. Kf2 Rg3 54. c7 1-0

[Event "10. Torneo San Viator"]
[Site "Madrid ESP"]
[Date "2008.05.11"]
[Round "1.2"]
[White "Baquero Sainz, Pedro Pablo"]
[Black "Andalon Gomez, Carlos Jesus"]
[Result "0-1"]
[WhiteElo "1761"]
[BlackElo "2032"]
[PlyCount "82"]
[EventDate "2008.05.11"]
[EventType "swiss"]
[EventRounds "9"]
[EventCountry "ESP"]
[Source "lmi"]
[SourceDate "2008.05.11"]

1. e4 e6 2. d4 d5 3. Nc3 Bb4 4. Bd3 dxe4 5. Bxe4 Nf6 6. Bg5 c5 7. Nge2 Nc6 8.
Bxc6+ bxc6 9. O-O Bxc3 10. bxc3 h6 11. Bh4 g5 12. Bg3 Ba6 13. Re1 Nd5 14. Qd2
O-O 15. f4 Qf6 16. fxg5 Qxg5 17. Nf4 Rfd8 18. Qf2 Rd7 19. Re5 Qf6 20. Rf1 Bxf1
21. Qxf1 Nxf4 22. Bxf4 cxd4 23. Rh5 dxc3 24. g3 Qd4+ 25. Kg2 Qe4+ 26. Kh3 Rd5
27. Rxh6 Qf5+ 28. g4 Qxc2 29. Qe1 Rad8 30. Be5 f5 31. Rh8+ Kf7 32. Rh7+ Ke8 33.
Rh8+ Kd7 34. Rh7+ Kc8 35. Rc7+ Kb8 36. Rxc6+ Ka8 37. Rxc3 fxg4+ 38. Kh4 Qh7+
39. Kg3 Qh3+ 40. Kf2 Rd2+ 41. Kg1 Qg2# 0-1

[Event "10. Torneo San Viator"]
[Site "Madrid ESP"]
[Date "2008.05.11"]
[Round "1.3"]
[White "Tobar Quinones, Jose Pablo"]
[Black "Aranda Perez, Ivan"]
[Result "1/2-1/2"]
[WhiteElo "1878"]
[BlackElo "1737"]
[PlyCount "60"]
[EventDate "2008.05.11"]
[EventType "swiss"]
[EventRounds "9"]
[EventCountry "ESP"]
[Source "lmi"]
[SourceDate "2008.05.11"]

1. d4 d5 2. Bf4 Nf6 3. e3 e6 4. c3 c5 5. Bd3 Be7 6. Nd2 O-O 7. Ngf3 Nc6 8. Ne5
cxd4 9. exd4 Bd6 10. O-O Qc7 11. Re1 Nd7 12. Qh5 Nf6 13. Qh4 Ne7 14. Ng4 Ng6
15. Nxf6+ gxf6 16. Bxd6 Qxd6 17. Qxf6 Bd7 18. g3 Rfe8 19. h4 Qe7 20. Qxe7 Nxe7
21. Nf3 f6 22. Nh2 Rf8 23. Ng4 Kh8 24. Ne3 e5 25. Ng2 e4 26. Bc2 f5 27. Nf4
Rac8 28. Kf1 Bb5+ 29. Kg2 Bc6 30. Kf1 Bb5+ 1/2-1/2

[Event "10. Torneo San Viator"]
[Site "Madrid ESP"]
[Date "2008.05.18"]
[Round "2.1"]
[White "Andalon Gomez, Carlos Jesus"]
[Black "Orfali, Marcelo-Rafael"]
[Result "0-1"]
[WhiteElo "2019"]
[BlackElo "2083"]
[PlyCount "72"]
[EventDate "2008.05.11"]
[EventType "swiss"]
[EventRounds "9"]
[EventCountry "ESP"]
[Source "lmi"]
[SourceDate "2008.05.11"]

1. d4 Nf6 2. c4 e6 3. Nf3 b6 4. a3 Bb7 5. Nc3 Be7 6. d5 O-O 7. e4 exd5 8. cxd5
Re8 9. Bd3 c5 10. O-O d6 11. Bf4 Nbd7 12. Re1 Nh5 13. Be3 a6 14. Nd2 Ne5 15.
Be2 Nf6 16. f4 Ng6 17. h3 b5 18. Qc2 Bf8 19. b4 Nxd5 20. Nxd5 Bxd5 21. Bf3 Bb7
22. Nb3 Rc8 23. Qf2 Bxe4 24. Bg4 f5 25. Bf3 c4 26. Nd4 Qf6 27. Rad1 c3 28. Rc1
d5 29. Nb3 Bxf3 30. Qxf3 Re4 31. Red1 c2 32. Rd4 Rc3 33. Rxe4 dxe4 34. Qf2 Rxb3
35. Bd4 Qe6 36. Qxc2 Nxf4 0-1

[Event "10. Torneo San Viator"]
[Site "Madrid ESP"]
[Date "2008.05.18"]
[Round "2.2"]
[White "Montero Montero, Juan Jose"]
[Black "Fernandez Lledo, Javier"]
[Result "0-1"]
[WhiteElo "1718"]
[BlackElo "1858"]
[PlyCount "64"]
[EventDate "2008.05.11"]
[EventType "swiss"]
[EventRounds "9"]
[EventCountry "ESP"]
[Source "lmi"]
[SourceDate "2008.05.11"]

1. e4 c5 2. Nf3 Nc6 3. Bb5 g6 4. O-O Bg7 5. Bxc6 bxc6 6. d3 d5 7. exd5 cxd5 8.
d4 cxd4 9. Nxd4 e5 10. Re1 Ne7 11. Nf3 Bg4 12. h3 Bxf3 13. Qxf3 O-O 14. c3 Rb8
15. Nd2 f5 16. Qe3 f4 17. Qxa7 Nf5 18. Nf3 e4 19. Nd4 Nxd4 20. cxd4 Qh4 21. Qd7
Rbd8 22. Qg4 Qxg4 23. hxg4 Bxd4 24. a4 h5 25. gxh5 gxh5 26. a5 Rd7 27. Ra4 Ba7
28. b4 f3 29. b5 Rg7 30. g3 Rxg3+ 31. Kf1 Rh3 32. Kg1 Kh7 0-1

[Event "10. Torneo San Viator"]
[Site "Madrid ESP"]
[Date "2008.05.18"]
[Round "2.3"]
[White "Garcia Hernandez, Javier"]
[Black "Lopez Ayala, Pedro"]
[Result "0-1"]
[WhiteElo "1557"]
[BlackElo "2043"]
[PlyCount "62"]
[EventDate "2008.05.11"]
[EventType "swiss"]
[EventRounds "9"]
[EventCountry "ESP"]
[Source "lmi"]
[SourceDate "2008.05.11"]

1. d4 Nf6 2. c4 e6 3. Nf3 b6 4. g3 Bb7 5. Bg2 Bb4+ 6. Bd2 Bxd2+ 7. Nbxd2 O-O 8.
O-O d6 9. Qc2 c5 10. e3 Nbd7 11. Rac1 Qc7 12. Rfd1 Rac8 13. e4 cxd4 14. Nxd4
Qb8 15. Qb1 a6 16. N2b3 Qa8 17. f3 Ne5 18. Nd2 Qa7 19. Kh1 b5 20. Nf1 bxc4 21.
Ne3 Nd3 22. Rxd3 cxd3 23. Rxc8 Rxc8 24. Qxd3 Nd7 25. Nc4 Ne5 26. Nxe5 dxe5 27.
Ne2 Bc6 28. Qc3 Qc7 29. Qe3 Bb5 30. Bf1 Qc2 31. Kg2 Qxb2 0-1

[Event "10. Torneo San Viator"]
[Site "Madrid ESP"]
[Date "2008.05.25"]
[Round "3.1"]
[White "Lopez Ayala, Pedro"]
[Black "Orfali, Marcelo-Rafael"]
[Result "1/2-1/2"]
[WhiteElo "2054"]
[BlackElo "2084"]
[PlyCount "58"]
[EventDate "2008.05.11"]
[EventType "swiss"]
[EventRounds "9"]
[EventCountry "ESP"]
[Source "lmi"]
[SourceDate "2008.05.11"]

1. d4 d5 2. c4 e5 3. dxe5 d4 4. Nf3 Nc6 5. a3 Nge7 6. Bg5 h6 7. Bxe7 Qxe7 8.
Nxd4 Nxe5 9. e3 Bd7 10. Nd2 O-O-O 11. Qc2 g6 12. Be2 Bg7 13. O-O h5 14. Rad1 f5
15. N2f3 Ng4 16. c5 c6 17. b4 Be6 18. Nxe6 Qxe6 19. Nd4 Qe5 20. Nf3 Qc7 21. h3
Nf6 22. Ng5 Qe7 23. Bc4 Nd5 24. Bxd5 Qxg5 25. Be6+ Kb8 26. Rxd8+ Rxd8 27. Qb3
Qe7 28. a4 Be5 29. f4 Bc7 1/2-1/2

[Event "10. Torneo San Viator"]
[Site "Madrid ESP"]
[Date "2008.05.25"]
[Round "3.2"]
[White "Fernandez Lledo, Javier"]
[Black "Sarabia Utrilla, Joaquin"]
[Result "1-0"]
[WhiteElo "1905"]
[BlackElo "1882"]
[PlyCount "57"]
[EventDate "2008.05.11"]
[EventType "swiss"]
[EventRounds "9"]
[EventCountry "ESP"]
[Source "lmi"]
[SourceDate "2008.05.11"]

1. e4 e5 2. Nf3 Nf6 3. Nxe5 d6 4. Nf3 Nxe4 5. Nc3 d5 6. Bd3 Nxc3 7. dxc3 Bd6 8.
Be3 Bg4 9. h3 Bh5 10. g4 Bg6 11. Bxg6 hxg6 12. Qxd5 Nc6 13. O-O-O Qf6 14. Nd4
Qe5 15. Qxe5+ Nxe5 16. Nb5 a6 17. Nxd6+ cxd6 18. f4 Nc4 19. Bd4 Rh7 20. b3 Na3
21. c4 b5 22. Kb2 b4 23. Bb6 Ke7 24. Rhe1+ Kd7 25. Bc5 a5 26. Rxd6+ Kc7 27.
Re7+ Kc8 28. Re8+ Kb7 29. Rb6+ 1-0

[Event "10. Torneo San Viator"]
[Site "Madrid ESP"]
[Date "2008.05.25"]
[Round "3.3"]
[White "Montero Montero, Juan Jose"]
[Black "Andalon Gomez, Carlos Jesus"]
[Result "0-1"]
[WhiteElo "1788"]
[BlackElo "2032"]
[PlyCount "58"]
[EventDate "2008.05.11"]
[EventType "swiss"]
[EventRounds "9"]
[EventCountry "ESP"]
[Source "lmi"]
[SourceDate "2008.05.11"]

1. e4 e6 2. d4 d5 3. e5 c5 4. c3 Nc6 5. Nf3 Bd7 6. Bd3 f6 7. O-O Qc7 8. Re1
O-O-O 9. a3 c4 10. Bc2 h6 11. b4 g5 12. h3 h5 13. exf6 g4 14. f7 gxf3 15.
fxg8=Q Rxg8 16. Qxf3 Bd6 17. Qxh5 Rh8 18. Qf3 e5 19. Bf5 e4 20. Bxd7+ Rxd7 21.
Qe2 Rg7 22. Kf1 Qd7 23. Qd1 Rxg2 24. Be3 Qxh3 25. Ke2 Bf4 26. Bxf4 Qf3+ 27. Kd2
Qxf2+ 28. Re2 Qxf4+ 29. Kc2 Rxe2+ 0-1

[Event "10. Torneo San Viator"]
[Site "Madrid ESP"]
[Date "2008.05.25"]
[Round "3.4"]
[White "Aburto Renovales, Rafael"]
[Black "Tobar Quinones, Jose Pablo"]
[Result "0-1"]
[WhiteElo "1647"]
[BlackElo "1878"]
[PlyCount "100"]
[EventDate "2008.05.11"]
[EventType "swiss"]
[EventRounds "9"]
[EventCountry "ESP"]
[Source "lmi"]
[SourceDate "2008.05.11"]

1. e4 d6 2. d4 Nf6 3. Nc3 e5 4. dxe5 dxe5 5. Qxd8+ Kxd8 6. Nf3 Nc6 7. Bg5 Ke8
8. Bd3 a6 9. O-O-O Bc5 10. Rd2 Be6 11. Kb1 Nd7 12. Re1 f6 13. Bh4 Nb6 14. h3 g5
15. Bg3 h5 16. Nd5 Bxd5 17. exd5 Ne7 18. c4 Bb4 19. Ree2 Bxd2 20. Nxd2 h4 21.
Bh2 Kf7 22. Ne4 Rad8 23. Nc5 Rb8 24. Ne6 c6 25. Nxg5+ fxg5 26. Bxe5 cxd5 27.
Bxb8 Rxb8 28. c5 Na4 29. Rc2 Rc8 30. b4 d4 31. Bc4+ Kf6 32. Kc1 Nc6 33. Re2 Ne5
34. Bd5 Nc3 35. Bxb7 Nxe2+ 36. Kd2 Rc7 37. Bxa6 Nc3 38. a3 Nb1+ 39. Kc2 Nxa3+
40. Kb3 Nac4 41. Bxc4 Nxc4 42. Kxc4 Ke5 43. f3 d3 44. Kxd3 Kd5 45. Kc3 Rc8 46.
Kb3 Rb8 47. Kc3 Rb7 48. Kb3 Kd4 49. Ka4 Kc4 50. c6 Ra7# 0-1

[Event "10. Torneo San Viator"]
[Site "Madrid ESP"]
[Date "2008.06.01"]
[Round "4.1"]
[White "Orfali, Marcelo-Rafael"]
[Black "Fernandez Lledo, Javier"]
[Result "1-0"]
[WhiteElo "2084"]
[BlackElo "1905"]
[PlyCount "89"]
[EventDate "2008.05.11"]
[EventType "swiss"]
[EventRounds "9"]
[EventCountry "ESP"]
[Source "lmi"]
[SourceDate "2008.05.11"]

1. e4 c5 2. a3 Nc6 3. b4 cxb4 4. axb4 Nxb4 5. c3 Nc6 6. d4 d6 7. d5 Ne5 8. Qd4
Qc7 9. Rxa7 Rxa7 10. Qxa7 Nf6 11. Be3 Bd7 12. f4 Ng6 13. Bd3 e6 14. dxe6 fxe6
15. Nf3 Be7 16. Bb6 Qc8 17. g3 O-O 18. O-O Qa8 19. Nbd2 Qxa7 20. Bxa7 Bc6 21.
Ng5 Ra8 22. Bd4 Nf8 23. e5 N6d7 24. exd6 Bxd6 25. Re1 Ra2 26. Nde4 Bxe4 27.
Bxe4 Nc5 28. Bf3 Nd3 29. Rd1 Nxf4 30. gxf4 Bxf4 31. h4 h6 32. Nh3 Bh2+ 33. Kh1
Ng6 34. Bf2 Ra3 35. Rd8+ Kf7 36. Bh5 Kf6 37. Rd3 Ne5 38. Bd4 Kf5 39. Re3 g5 40.
Kg2 Ra2+ 41. Re2 Rxe2+ 42. Bxe2 Bf4 43. hxg5 hxg5 44. Nf2 Nc6 45. Bd3# 1-0

[Event "10. Torneo San Viator"]
[Site "Madrid ESP"]
[Date "2008.06.01"]
[Round "4.2"]
[White "Andalon Gomez, Carlos Jesus"]
[Black "Lopez Ayala, Pedro"]
[Result "0-1"]
[WhiteElo "2032"]
[BlackElo "2054"]
[PlyCount "92"]
[EventDate "2008.05.11"]
[EventType "swiss"]
[EventRounds "9"]
[EventCountry "ESP"]
[Source "lmi"]
[SourceDate "2008.05.11"]

1. d4 Nf6 2. c4 e6 3. Nf3 b6 4. a3 Bb7 5. Nc3 d5 6. cxd5 exd5 7. g3 a6 8. Bg2
h6 9. Ne5 Nbd7 10. Qb3 Nxe5 11. dxe5 Ne4 12. Nxe4 dxe4 13. Bxe4 Bxe4 14. Qa4+
Qd7 15. Qxe4 Rd8 16. O-O Be7 17. Be3 O-O 18. Rac1 c5 19. f4 Qd5 20. Qc2 Rc8 21.
Rcd1 Qe6 22. Qe4 f5 23. Qb7 Rfd8 24. Qxa6 Qb3 25. Bf2 Rxd1 26. Qxc8+ Rd8 27.
Qxf5 Qxb2 28. Qe6+ Kf8 29. f5 Qxe2 30. Re1 Rd1 31. Qc8+ Kf7 32. Qe6+ Kf8 33.
Rxd1 Qxd1+ 34. Kg2 Qg4 35. Qxb6 Qe4+ 36. Kg1 Qxe5 37. Qb1 c4 38. a4 c3 39. Qc2
Bb4 40. Qb3 Qe4 41. Qd1 Ke7 42. Bb6 c2 43. Qd8+ Kf7 44. Qc7+ Kf6 45. Qd8+ Be7
46. Bd4+ Kf7 0-1

[Event "10. Torneo San Viator"]
[Site "Madrid ESP"]
[Date "2008.06.01"]
[Round "4.3"]
[White "Tobar Quinones, Jose Pablo"]
[Black "Baquero Sainz, Pedro Pablo"]
[Result "1/2-1/2"]
[WhiteElo "1878"]
[BlackElo "1761"]
[PlyCount "78"]
[EventDate "2008.05.11"]
[EventType "swiss"]
[EventRounds "9"]
[EventCountry "ESP"]
[Source "lmi"]
[SourceDate "2008.05.11"]

1. d4 d5 2. Bf4 Nf6 3. e3 c6 4. c3 Bf5 5. Nf3 Nbd7 6. Nbd2 e6 7. Be2 Be7 8. h3
Ne4 9. Nxe4 Bxe4 10. O-O O-O 11. Nd2 Bg6 12. Re1 c5 13. Nf3 Qb6 14. Qb3 Qc6 15.
Bb5 Qc8 16. Bxd7 Qxd7 17. Ne5 Qc8 18. Nxg6 hxg6 19. dxc5 Bxc5 20. e4 dxe4 21.
Rxe4 Qc6 22. Ree1 Rfd8 23. Rad1 Be7 24. Re2 Rxd1+ 25. Qxd1 Rd8 26. Rd2 Rxd2 27.
Qxd2 Qe4 28. Be3 Qb1+ 29. Kh2 Qxa2 30. Qd7 Bf6 31. Qxb7 a5 32. Qb5 Kh7 33. g3
a4 34. Qb4 Be5 35. Bc5 f5 36. Qh4+ Kg8 37. Qd8+ Kh7 38. Qh4+ Kg8 39. Qd8+ Kh7
1/2-1/2

[Event "10. Torneo San Viator"]
[Site "Madrid ESP"]
[Date "2008.06.01"]
[Round "4.4"]
[White "Sarabia Utrilla, Joaquin"]
[Black "Montero Montero, Juan Jose"]
[Result "1-0"]
[WhiteElo "1882"]
[BlackElo "1788"]
[PlyCount "73"]
[EventDate "2008.05.11"]
[EventType "swiss"]
[EventRounds "9"]
[EventCountry "ESP"]
[Source "lmi"]
[SourceDate "2008.05.11"]

1. d4 Nf6 2. c4 e6 3. Nc3 Bb4 4. a3 Bxc3+ 5. bxc3 b6 6. f3 Nc6 7. e4 d6 8. d5
Na5 9. Bd3 h6 10. Ne2 Ba6 11. Nd4 Qd7 12. Qe2 O-O 13. O-O Rfe8 14. dxe6 fxe6
15. f4 c5 16. Nc2 d5 17. e5 dxc4 18. Bg6 Nd5 19. Bxe8 Qxe8 20. Qf3 Rd8 21. Qg3
Nb3 22. Rb1 Nxc1 23. Rbxc1 Ne7 24. Ne3 Rd3 25. Rfe1 Nd5 26. Qf2 Nxc3 27. Qb2
Na4 28. Qa1 b5 29. f5 exf5 30. Nxf5 Qe6 31. Nd6 c3 32. Qb1 Nb2 33. Ne4 b4 34.
Nxc5 Qb6 35. axb4 Na4 36. Qa2+ Kh8 37. Qxa4 1-0

[Event "10. Torneo San Viator"]
[Site "Madrid ESP"]
[Date "2008.06.08"]
[Round "5.1"]
[White "Sarabia Utrilla, Joaquin"]
[Black "Orfali, Marcelo-Rafael"]
[Result "0-1"]
[WhiteElo "1844"]
[BlackElo "2083"]
[PlyCount "78"]
[EventDate "2008.05.11"]
[EventType "swiss"]
[EventRounds "9"]
[EventCountry "ESP"]
[Source "lmi"]
[SourceDate "2008.05.11"]

1. d4 Nf6 2. c4 g6 3. Nc3 d5 4. cxd5 Nxd5 5. e4 Nxc3 6. bxc3 Bg7 7. Bc4 c5 8.
Ne2 O-O 9. O-O Nc6 10. Be3 cxd4 11. cxd4 Bg4 12. f3 Na5 13. Bxf7+ Rxf7 14. fxg4
Rxf1+ 15. Kxf1 b5 16. Rc1 Qd6 17. Kg1 Qe6 18. Nc3 a6 19. d5 Qe5 20. Qd3 Nc4 21.
Bf2 Rf8 22. Ne2 Qg5 23. h3 h5 24. gxh5 gxh5 25. Rf1 Nd2 26. Rd1 Nf3+ 27. Kh1
Ne5 28. Qg3 Qh6 29. Bd4 h4 30. Qc3 Qh5 31. Re1 b4 32. Qb3 Kh7 33. Ng1 Qg6 34.
Bxe5 Bxe5 35. Nf3 Qg3 36. Re2 Rxf3 37. gxf3 Qxh3+ 38. Kg1 Bd4+ 39. Re3 Qxf3 0-1

[Event "10. Torneo San Viator"]
[Site "Madrid ESP"]
[Date "2008.06.08"]
[Round "5.2"]
[White "Lopez Ayala, Pedro"]
[Black "Tobar Quinones, Jose Pablo"]
[Result "1-0"]
[WhiteElo "2043"]
[BlackElo "1875"]
[PlyCount "99"]
[EventDate "2008.05.11"]
[EventType "swiss"]
[EventRounds "9"]
[EventCountry "ESP"]
[Source "lmi"]
[SourceDate "2008.05.11"]

1. d4 d5 2. c4 c6 3. Nc3 Nf6 4. Nf3 dxc4 5. a4 Bf5 6. Nh4 Be6 7. e4 g6 8. Nf3
c5 9. d5 Bc8 10. Bxc4 Bg7 11. Qb3 O-O 12. a5 Ng4 13. h3 Ne5 14. Nxe5 Bxe5 15.
Bh6 Nd7 16. Bxf8 Qxf8 17. O-O-O Bf4+ 18. Kb1 Ne5 19. g3 Bh6 20. f4 Nxc4 21.
Qxc4 b6 22. a6 Bd7 23. e5 Rb8 24. Rdf1 Qc8 25. Ne4 Bf5 26. g4 Bxe4+ 27. Qxe4
Qxa6 28. g5 Bg7 29. f5 gxf5 30. Rxf5 b5 31. Rhf1 Qg6 32. Kc1 e6 33. dxe6 fxe6
34. R5f4 Qxe4 35. Rxe4 Rf8 36. Rxf8+ Kxf8 37. h4 h5 38. Kd2 a5 39. b3 Ke7 40.
Ke3 Kd7 41. Kf4 Kc6 42. Re1 c4 43. bxc4 bxc4 44. Ke4 Kc5 45. Ra1 Kb4 46. Kd4
Kb3 47. Rxa5 c3 48. Rb5+ Kc2 49. Rc5 Kd2 50. Rxc3 1-0

[Event "10. Torneo San Viator"]
[Site "Madrid ESP"]
[Date "2008.06.08"]
[Round "5.3"]
[White "Fernandez Lledo, Javier"]
[Black "Andalon Gomez, Carlos Jesus"]
[Result "1-0"]
[WhiteElo "1858"]
[BlackElo "2019"]
[PlyCount "51"]
[EventDate "2008.05.11"]
[EventType "swiss"]
[EventRounds "9"]
[EventCountry "ESP"]
[Source "lmi"]
[SourceDate "2008.05.11"]

1. e4 e6 2. d3 d5 3. Nd2 c5 4. Ngf3 Nc6 5. g3 Bd6 6. Bg2 Nge7 7. O-O O-O 8. Nh4
b6 9. f4 dxe4 10. dxe4 Ba6 11. e5 Bc7 12. Re1 Qd4+ 13. Kh1 Rad8 14. c3 Qf2 15.
Rg1 Bd3 16. Qg4 c4 17. Be4 Bxe4+ 18. Nxe4 Qc2 19. Re1 Kh8 20. b3 Nd5 21. Ba3
Rfe8 22. bxc4 Nxc3 23. Rac1 Qxe4+ 24. Rxe4 Nxe4 25. Qf3 Rd4 26. Re1 1-0

[Event "10. Torneo San Viator"]
[Site "Madrid ESP"]
[Date "2008.06.08"]
[Round "5.4"]
[White "Aburto Renovales, Rafael"]
[Black "Garcia Hernandez, Javier"]
[Result "0-1"]
[WhiteElo "1593"]
[BlackElo "1557"]
[PlyCount "50"]
[EventDate "2008.05.11"]
[EventType "swiss"]
[EventRounds "9"]
[EventCountry "ESP"]
[Source "lmi"]
[SourceDate "2008.05.11"]

1. e4 e6 2. d4 d5 3. Nc3 Nf6 4. e5 Nfd7 5. Nf3 a6 6. Be2 c5 7. Be3 Qb6 8. Rb1
Nc6 9. O-O cxd4 10. Bxd4 Nxd4 11. Qxd4 Qxd4 12. Nxd4 Nxe5 13. f4 Bc5 14. Rbd1
Nc6 15. Nxd5 exd5 16. c3 O-O 17. Kh1 Nxd4 18. cxd4 Bb6 19. f5 Bd7 20. f6 g6 21.
Rf3 Bg4 22. Rf2 Bxe2 23. Rxe2 Rfe8 24. Rf2 Bxd4 25. h3 Bxf2 0-1

[Event "10. Torneo San Viator"]
[Site "Madrid ESP"]
[Date "2008.06.15"]
[Round "6.1"]
[White "Orfali, Marcelo-Rafael"]
[Black "Baquero Sainz, Pedro Pablo"]
[Result "0-1"]
[WhiteElo "2083"]
[BlackElo "1761"]
[PlyCount "84"]
[EventDate "2008.05.11"]
[EventType "swiss"]
[EventRounds "9"]
[EventCountry "ESP"]
[Source "lmi"]
[SourceDate "2008.05.11"]

1. d4 d5 2. Nf3 Nf6 3. g3 b6 4. Bg2 Bb7 5. O-O e6 6. c4 Be7 7. Ne5 O-O 8. Nc3
Nbd7 9. cxd5 Nxe5 10. dxe5 Nxd5 11. Ne4 Qe8 12. Bd2 Qb5 13. Re1 Rfd8 14. Qc1 c5
15. a4 Qd7 16. Rd1 Qc7 17. Bg5 Qxe5 18. Bd2 Qc7 19. a5 Nf6 20. axb6 axb6 21.
Bf4 e5 22. Rxd8+ Rxd8 23. Ra7 exf4 24. Rxb7 Qe5 25. gxf4 Qe6 26. Nc3 g6 27. h3
Nh5 28. e3 Bf6 29. Qc2 Qd6 30. Qb3 Rd7 31. Rxb6 Qd2 32. Nd5 Bh4 33. Rb8+ Rd8
34. Rxd8+ Bxd8 35. Qb8 Qa5 36. Bf3 Kg7 37. Bxh5 Qe1+ 38. Kg2 Bh4 39. Qe5+ Kh6
40. Ne7 Qxf2+ 41. Kh1 Qe1+ 42. Kh2 Bg3+ 0-1

[Event "10. Torneo San Viator"]
[Site "Madrid ESP"]
[Date "2008.06.15"]
[Round "6.2"]
[White "Fernandez Lledo, Javier"]
[Black "Lopez Ayala, Pedro"]
[Result "1/2-1/2"]
[WhiteElo "1858"]
[BlackElo "2043"]
[PlyCount "71"]
[EventDate "2008.05.11"]
[EventType "swiss"]
[EventRounds "9"]
[EventCountry "ESP"]
[Source "lmi"]
[SourceDate "2008.05.11"]

1. e4 c5 2. Nf3 d6 3. d4 cxd4 4. Nxd4 Nf6 5. Nc3 a6 6. a4 e6 7. g3 b6 8. Bg2
Bb7 9. O-O Qc7 10. Nde2 Nbd7 11. Be3 Be7 12. h3 O-O 13. g4 Nc5 14. Ng3 Nfd7 15.
b4 Nb3 16. Rb1 Qxc3 17. Rxb3 Qc7 18. f4 Rac8 19. c3 Bh4 20. Ne2 Nf6 21. Qc2 Qc4
22. Nd4 h6 23. Rfb1 Nh7 24. Qe2 Qxe2 25. Nxe2 Rc4 26. e5 Bxg2 27. Kxg2 dxe5 28.
fxe5 Re4 29. Kf3 Rxe5 30. Nd4 Rc8 31. b5 axb5 32. axb5 Ng5+ 33. Ke2 Nxh3 34.
Nc6 Nf4+ 35. Kf3 Rxe3+ 36. Kxe3 1/2-1/2

[Event "10. Torneo San Viator"]
[Site "Madrid ESP"]
[Date "2008.06.15"]
[Round "6.3"]
[White "Tobar Quinones, Jose Pablo"]
[Black "Garcia Hernandez, Javier"]
[Result "1-0"]
[WhiteElo "1875"]
[BlackElo "1557"]
[PlyCount "91"]
[EventDate "2008.05.11"]
[EventType "swiss"]
[EventRounds "9"]
[EventCountry "ESP"]
[Source "lmi"]
[SourceDate "2008.05.11"]

1. d4 Nf6 2. Bf4 d6 3. Nf3 g6 4. e3 Bg7 5. Be2 O-O 6. h3 Nfd7 7. c4 e5 8. Bh2
Nc6 9. Nc3 exd4 10. exd4 b6 11. O-O Bb7 12. Qd2 Re8 13. Rab1 Nf6 14. d5 Nb8 15.
Nd4 Ne4 16. Nxe4 Rxe4 17. Nf3 Nd7 18. Bd3 Re8 19. b4 a5 20. a3 axb4 21. axb4
Ra7 22. Rbe1 Qa8 23. Rxe8+ Qxe8 24. Re1 Qd8 25. Qe2 Kf8 26. Ng5 Nf6 27. Qe3 h6
28. Ne4 Nxe4 29. Bxe4 Qe7 30. Bf4 g5 31. Bg3 Ra4 32. Qb3 Ra1 33. Rxa1 Bxa1 34.
Qe3 Qf6 35. Qf3 Qxf3 36. Bxf3 Bc8 37. h4 Bf5 38. Be2 Kg7 39. hxg5 hxg5 40. Kf1
Bc3 41. b5 Bd4 42. f3 f6 43. Bf2 Be5 44. g3 Kf7 45. Be3 Bg6 46. Kg2 1-0

[Event "10. Torneo San Viator"]
[Site "Madrid ESP"]
[Date "2008.06.15"]
[Round "6.4"]
[White "Aburto Renovales, Rafael"]
[Black "Sarabia Utrilla, Joaquin"]
[Result "0-1"]
[WhiteElo "1593"]
[BlackElo "1844"]
[PlyCount "130"]
[EventDate "2008.05.11"]
[EventType "swiss"]
[EventRounds "9"]
[EventCountry "ESP"]
[Source "lmi"]
[SourceDate "2008.05.11"]

1. e4 e5 2. Nf3 Nf6 3. d3 d5 4. exd5 Nxd5 5. Be2 Bc5 6. Nxe5 Qh4 7. O-O Be6 8.
Nf3 Qf6 9. d4 Bd6 10. Bg5 Qg6 11. Qd2 h6 12. Bd3 Qh5 13. Be3 Bg4 14. Ne5 Bxe5
15. dxe5 Qxe5 16. Bb5+ c6 17. Bd4 Qh5 18. Re1+ Be6 19. c4 cxb5 20. cxd5 Qxd5
21. Nc3 Qd7 22. Rad1 O-O 23. Qf4 Qc6 24. Qg3 g6 25. Qh4 Kh7 26. Qf6 Rg8 27. Be5
Nd7 28. Qh4 Qc5 29. Rxd7 Bxd7 30. Ne4 Qxe5 31. Nf6+ Qxf6 32. Qxf6 Be6 33. h4
Bxa2 34. h5 g5 35. Qf5+ Kg7 36. f4 Be6 37. Qe5+ Kh7 38. f5 Bc4 39. b3 Bxb3 40.
Qxb5 Bc2 41. Qc4 Rac8 42. Qxf7+ Rg7 43. Qe6 Rf8 44. f6 Rgf7 45. Rf1 Bd3 46. Rf3
Bc2 47. Kf2 Bd1 48. Qe4+ Kh8 49. Qg6 Bxf3 50. Qxh6+ Kg8 51. Qxg5+ Kh8 52. h6
Bc6 53. Kg1 Rg8 54. Qf5 Rxg2+ 55. Kf1 Rd7 56. Qb1 Rgd2 57. Ke1 Rd1+ 58. Qxd1
Rxd1+ 59. Kxd1 Bd5 60. Kd2 Kh7 61. Ke3 Kxh6 62. Kd4 Ba2 63. Kc5 Kg6 64. Kd6
Kxf6 65. Kc7 b5 0-1

[Event "10. Torneo San Viator"]
[Site "Madrid ESP"]
[Date "2008.06.22"]
[Round "7.1"]
[White "Garcia Hernandez, Javier"]
[Black "Orfali, Marcelo-Rafael"]
[Result "0-1"]
[WhiteElo "1557"]
[BlackElo "2083"]
[PlyCount "58"]
[EventDate "2008.05.11"]
[EventType "swiss"]
[EventRounds "9"]
[EventCountry "ESP"]
[Source "lmi"]
[SourceDate "2008.05.11"]

1. d4 Nf6 2. c4 g6 3. Nc3 d5 4. cxd5 Nxd5 5. Bd2 Bg7 6. e4 Nb6 7. Be3 O-O 8. h3
Nc6 9. Nf3 Na5 10. Bf4 a6 11. Be2 h6 12. b4 Nc6 13. Be3 Nxb4 14. Qb3 Nc6 15.
Rd1 Qd6 16. a3 Na5 17. Qa2 Be6 18. Qb2 Nac4 19. Bxc4 Nxc4 20. Qxb7 Rfb8 21. e5
Qxa3 22. Qxc7 Nxe3 23. fxe3 Rc8 24. Qb7 Qxc3+ 25. Kf2 Rab8 26. Qxa6 Rb2+ 27.
Kg3 Qxe3 28. d5 Bxe5+ 29. Kh4 Qf2+ 0-1

[Event "10. Torneo San Viator"]
[Site "Madrid ESP"]
[Date "2008.06.22"]
[Round "7.2"]
[White "Lopez Ayala, Pedro"]
[Black "Andalon Gomez, Carlos Jesus"]
[Result "0-1"]
[WhiteElo "2043"]
[BlackElo "2019"]
[PlyCount "56"]
[EventDate "2008.05.11"]
[EventType "swiss"]
[EventRounds "9"]
[EventCountry "ESP"]
[Source "lmi"]
[SourceDate "2008.05.11"]

1. d4 d5 2. c4 e6 3. Nc3 Nf6 4. Bg5 Nbd7 5. cxd5 exd5 6. e3 c6 7. a3 Be7 8. Bd3
O-O 9. Qc2 Re8 10. Nf3 Nf8 11. h3 Nh5 12. Bxe7 Qxe7 13. O-O Qf6 14. Qe2 Nf4 15.
Qd1 Nxd3 16. Qxd3 Bxh3 17. gxh3 Qxf3 18. Kh2 Ng6 19. Qe2 Qf6 20. Rg1 Nh4 21.
Rg3 Nf5 22. Rg4 Qd6+ 23. Kh1 Qh6 24. Kh2 Re6 25. Rag1 g6 26. Qf3 Kf8 27. b4
Nxe3 28. fxe3 Rxe3 0-1